Life as a dream/ (Record no. 679)

MARC details
000 -LEADER
fixed length control field 00393nam a2200169 a 4500
005 - DATE AND TIME OF LATEST TRANSACTION
control field 20260322212029.0
008 - FIXED-LENGTH DATA ELEMENTS--GENERAL INFORMATION
fixed length control field data
020 ## - INTERNATIONAL STANDARD BOOK NUMBER
International Standard Book Number 0595319548
020 ## - INTERNATIONAL STANDARD BOOK NUMBER
International Standard Book Number 9780595319541
099 ## - LOCAL FREE-TEXT CALL NUMBER (OCLC)
Classification number BECKEB
001 - CONTROL NUMBER
control field data
100 1# - MAIN ENTRY--PERSONAL NAME
Personal name Becker, Brandon
245 10 - TITLE STATEMENT
Title Life as a dream/
Statement of responsibility, etc. Brandon Becker.
260 ## - PUBLICATION, DISTRIBUTION, ETC.
Place of publication, distribution, etc. Lincoln, NE :
Name of publisher, distributor, etc. Iuniverse inc. ,
Date of publication, distribution, etc. 2004.
300 ## - PHYSICAL DESCRIPTION
Extent 192 p. ;
Other physical details cm.
650 #0 - SUBJECT ADDED ENTRY--TOPICAL TERM
Topical term or geographic name entry element Science fiction
Holdings
Withdrawn status Lost status Damaged status Not for loan Home library Current library Shelving location Date acquired Total checkouts Full call number Barcode Date last seen Price effective from Koha item type
        Riverside Riverside General stacks 22/03/2026   GEN BC0010696 22/03/2026 22/03/2026 Books